000 00693nam a2200193 a 4500
008 120416s1973 ||||||||||||||||| || u
020 _a0471669164
050 _aTK 7868.S9 Pas
100 _aPascoe, Robert D., 1943-
245 1 0 _aSolid-state Switching: discrete and integrated
260 _aNew York:
_bJohn Wiley and Sons
_c1973
300 _aix, 205p.: ill.
350 _a0.00
650 _aSWITCHING CIRCUITS
650 _aTRANSISTOR CIRCUITS
650 _aINTEGRATED CIRCUITS
650 0 _aDIGITAL ELECTRONICS
995 _D0.00
_FCBU-MAIN LIBRARY (Kitwe)
_H1
_I31.95
_UWEEDED
_VAug 31, 2017
_ZMain Library Open Access Collection
999 _c57887
_d57887